Top 40 Hip-Hop Record Producers - Statistics

General Stats
  • This quiz has been taken 58 times
    56 since last reset
  • The average score is 11 of 40
Answer Stats
Song Answer % Correct
Eminem – My Name Is Dr. Dre
82%
The Weeknd – Heartless Metro Boomin
78%
Freddie Gibbs – 1985 The Alchemist
78%
Jay-Z – Lucifer Kanye West
76%
Wu-Tang Clan – C.R.E.A.M. RZA
67%
Mos Def – Mathematics DJ Premier
62%
Madvillain – Accordion Madlib
58%
Common – The Light J Dilla
56%
A Tribe Called Quest – Electric Relaxation Q-Tip
51%
Justin Timberlake – Cry Me a River Timbaland
51%
Mobb Deep – Shook Ones, Part II Havoc
47%
Nas – The World is Yours Pete Rock
47%
The Notorious B.I.G. – Hypnotize Sean Combs
44%
Jay-Z – 99 Problems Rick Rubin
40%
Drake – Headlines 40
31%
Run the Jewels – Legend Has It El-P
31%
The Black Eyed Peas – Hey Mama will.i.am
31%
Jay-Z – Girls, Girls, Girls Just Blaze
29%
Jay-Z – The Story of O.J. No I.D.
29%
Travis Scott – Sicko Mode Hit-Boy
22%
Nas – It Ain’t Hard to Tell Large Professor
18%
50 Cent – Just a Lil Bit Scott Storch
16%
J. Cole – Middle Child T-Minus
16%
Lil Wayne – A Milli Bangladesh
13%
Cypress Hill – Insane in the Brain DJ Muggs
13%
2Pac – Heartz of Men DJ Quik
9%
Lil Wayne – Go D.J. Mannie Fresh
9%
Erykah Badu – Honey 9th Wonder
7%
LL Cool J – Mama Said Knock You Out Marley Marl
7%
Eve – Tambourine Swizz Beatz
7%
Migos – Versace Zaytoven
7%
Jay-Z – All I Need Bink
2%
Big L – Put It On Buckwild
2%
Fugees – The Score Diamond D
2%
Raekwon – Baggin Crack Erick Sermon
2%
Ciara – Goodies Lil Jon
2%
Slick Rick – Children’s Story Prince Paul
2%
T.I. – What You Know DJ Toomp
0%
2Pac – Temptations Easy Mo Bee
0%
The Notorious B.I.G. – Suicidal Thoughts Lord Finesse
0%
No matching quizzes found
Score Distribution
Percent of People with Each Score
Percentile by Number Answered
Your Score History
You have not taken this quiz since the last reset